Library Banner

Biomedical signals and sensors : (Record no. 120955)

MARC details
000 -LEADER
fixed length control field 00557nam a22001935i 4500
001 - CONTROL NUMBER
control field 20699379
005 - DATE AND TIME OF LATEST TRANSACTION
control field 20210106184448.0
008 - FIXED-LENGTH DATA ELEMENTS--GENERAL INFORMATION
fixed length control field 181009s2018 nyu 000 0 eng
020 ## - INTERNATIONAL STANDARD BOOK NUMBER
International Standard Book Number 9783319749167
040 ## - CATALOGING SOURCE
Transcribing agency PK-LaUMT
082 ## - DEWEY DECIMAL CLASSIFICATION NUMBER
Classification number 610.28
Item number KAN-B
100 ## - MAIN ENTRY--PERSONAL NAME
Personal name Kaniusas, Eugenijus
245 00 - TITLE STATEMENT
Title Biomedical signals and sensors :
Remainder of title linking electrtic biosignals and biomedical sensors /
Statement of responsibility, etc by Eugenijus Kaniusas
260 ## - PUBLICATION, DISTRIBUTION, ETC. (IMPRINT)
Place of publication, distribution, etc Zwitzerland :
Name of publisher, distributor, etc Springer
Date of publication, distribution, etc 2019
300 ## - PHYSICAL DESCRIPTION
Extent 609 p.
650 ## - SUBJECT ADDED ENTRY--TOPICAL TERM
Topical term or geographic name as entry element Biosensors
650 ## - SUBJECT ADDED ENTRY--TOPICAL TERM
Topical term or geographic name as entry element Signal processing
942 ## - ADDED ENTRY ELEMENTS (KOHA)
Koha item type Books
Holdings
Withdrawn status Lost status Damaged status Home library Current library Date acquired Full call number Barcode Date last seen Price effective from Koha item type
      UMT Main Campus UMT Main Campus 2021-01-06 610.28 KAN-B 136029 2021-01-06 2021-01-06 Books